00394 2200181 4500001002100000005001500021035002000036245003200056100001400088250000600102260003600108082000800144084001400152600001000166990001200176990001200188990001200200INLIS00000000000174220250505010449 a0010-05250000341 aKawan Bergelut /cSumam HS.0 aSumam HS. a1 aJakarta :bBalai Pustaka,c2000 a813 a813 SUM k 4aFiksi a00.0142 a00.0143 a00.0144